Industria 4.0 : procesos y operaciones inteligentes en ingeniería química /

Detalles Bibliográficos
Otros Autores: León Pulido, Jeffrey (Editor)
Formato: Electrónico eBook
Lenguaje:español
Publicado: Bogotá D.C., Colombia, Suramérica : Ediciones EAN, 2023.
Colección:Libro de resúmenes.
Materias:
Acceso en línea:Digitalia Hispánica

MARC

LEADER 00000nam a2200000Ii 4500
001 DIGUEAN0027
003 NyNyDIG
006 m o d
007 cr |||||||||||
008 250103s2023 ck a o 000 0 spa d
035 |a (OCoLC)1463606131 
040 |a DGITA  |b eng  |e rda  |e pn  |c DGITA 
020 |a 9789587567014  |q eBook 
050 1 4 |a TP200 ebook 
245 0 0 |a Industria 4.0 :  |b procesos y operaciones inteligentes en ingeniería química /  |c edición y compilación, Jeffrey León Pulido [and 3 others]. 
264 1 |a Bogotá D.C., Colombia, Suramérica :  |b Ediciones EAN,  |c 2023. 
300 |a 1 online resource :  |b illustrations. 
336 |a text  |b txt  |2 rdacontent 
337 |a computer  |b c  |2 rdamedia 
338 |a online resource  |b cr  |2 rdacarrier 
347 |a text file  |2 rdaft 
347 |b PDF 
490 1 |a Libro de resúmenes 
588 0 |a Online resource; title from PDF title page (Digitalia, viewed January 3, 2025) 
650 0 |a Chemistry, Technical. 
650 0 |a Industry 4.0. 
650 0 |a Computer-aided design. 
650 0 |a Creative ability in technology. 
650 0 |a Industries  |x Technological innovations. 
700 1 |a León Pulido, Jeffrey,  |e editor. 
791 2 |a Digitalia (Firm),  |e distributor. 
793 0 |g Digitalia eBook Collection:  |a Universidad EAN 
830 0 |a Libro de resúmenes. 
856 4 0 |3 Digitalia Hispánica  |u https://www.digitaliapublishing.com/a/160908/ 
910 |a Premium collection: 2025